| 000 | 01165nam a2200193Ia 4500 | ||
|---|---|---|---|
| 001 | 10782 | ||
| 003 | GE_BSU | ||
| 008 | 181216s||||||||xx |||||||||||||| ||und|| | ||
| 040 | _cGE_BSU | ||
| 080 | _a82-93:821.353.1-1 | ||
| 245 | _aქართული საბჭოთა საბავშვო ლიტერატურის ანთოლოგია სამ ტომად. პირველი ტომი:პოეზია. | ||
| 245 | _cსარედ.კოლეგია:ხუტა ბერულავა (მთ.რედ.),რევაზ ინანიშვილი,გიორგი კაჭახიძე და სხვ;შემდგ.ნინო ბეზარაშვილი;მხატვ.გიორგი გორდელაძე. | ||
| 260 | _aთბილისი. | ||
| 260 | _bნაკადული. | ||
| 260 | _c1971. | ||
| 300 | _a510გვ;22სმ. | ||
| 653 | _aქართული საბჭოთა საბავშვო ლიტერატურის ანთოლოგია სამ ტომად. პირველი ტომი:პოეზია. | ||
| 942 | _cBK | ||
| 999 |
_c44031 _d44031 |
||